Statistics for Complete the comedy duo

Click here to take the quiz!

General Stats

  • This quiz has been taken 27 times
  • The average score is 8 of 15

Answer Stats

Answer% Correct
Laurel & {Hardy}
92%
Abbott & {Costello}
80%
Penn & {Teller}
76%
Morcambe & {Wise}
68%
Ant & {Dec}
68%
French & {Saunders}
64%
Reeves & {Mortimer}
64%
Mitchell & {Webb}
60%
Dick & {Dom}
56%
Barker & {Corbett}
52%
Simon Pegg & {Nick Frost}
32%
Martin & {Lewis}
28%
Lucas & {Walliams}
24%
Flanders & {Swann}
20%
Farley &{Spade}
16%

Score Distribution

Percentile by Number Answered

Percent of People with Each Score

Your Score History

You have not taken this quiz